000 00470nam a2200181Ia 4500
001 24634
005 20260414151056.0
008 260414t2015||||xx |||||||||||||| ||spa||
041 _aESP
082 _a345.721
_bA32
100 _aAguiló Regla, Josep
_eAUT
245 0 _aEl arte de la mediación :
_bargumentación, negociación y meditación
260 _c2015
300 _a133 páginas :
_c23 cm.
650 _aDER
654 _aCDE
942 _cLIB
_dJUS
_fJUS
_2ddc
_n
999 _c24634
_d24634